000 00404nam a2200157Ia 4500
008 210210b2003 xxu||||| |||| 00| 0 eng d
020 _a81 7033 413 6
082 _a361.954 AHUS
100 _aAHUJA (Ram).
245 _aSocial problems in India. Rev Ed 2.
250 _a
260 _aJaipur.
_bRawat Publications.,
_c2003
300 _axii,508
690 _aIndian Social Problems
906 _a058379
999 _c105473
_d105473